| 000 | 00589nam a22001937a 4500 | ||
|---|---|---|---|
| 003 | OSt | ||
| 005 | 20251103024106.0 | ||
| 008 | 251103b |||||||| |||| 00| 0 eng d | ||
| 020 | _a978-971-27-3767-1 | ||
| 040 |
_aDWCL - Main Lib _cOC |
||
| 082 | _aF C955o 2022 | ||
| 100 | _aJosevfTheGreat | ||
| 245 |
_aOblivion Sea (Part 1) / _cJosevfTheGreat |
||
| 260 |
_aMandaluyong City, Philippines : _bAnvil Publishing, Inc., _cc2022. |
||
| 300 |
_a247 pages ; _billustrations ; _c18 cm. |
||
| 490 | _aLa Grandeza Series #1 | ||
| 650 | _a1. Fiction - Short Stories | ||
| 942 |
_2ddc _cFIC. _mF _n0 |
||
| 999 |
_c5383 _d5383 |
||